American Cities (Sudden Death) - Statistics

General Stats
  • This quiz has been taken 184 times
    169 since last reset
  • The average score is 15 of 16
Answers on the Grid
Answers color-coded by a green-red scale on the quiz's grid according to % correct below.
New York City
Amsterdam
Los Angeles
Ljublijana
Chicago
Houston
Melbourne
Newark
Phoenix
Philadelphia
Andorra la Vella
San Antonio
Rome
Vientiane
San Diego
Dallas
Manama
Nicosia
Jacksonville
San Francisco
Edinburgh
Fort Worth
Dublin
Reykjavik
Austin
Jakarta
Manila
Indianapolis
Denver
Hamburg
 
Answer Stats
Answer % Correct
Chicago
98%
New York City
98%
Dallas
95%
Houston
95%
Los Angeles
95%
Phoenix
95%
Denver
94%
Indianapolis
94%
Jacksonville
94%
San Francisco
94%
Austin
92%
Philadelphia
92%
San Antonio
92%
San Diego
92%
Fort Worth
90%
Newark
89%
No matching quizzes found
Score Distribution
Percent of People with Each Score
Percentile by Number Answered
Your Score History
You have not taken this quiz since the last reset